000 00472nam a2200181Ia 4500
001 13725
003 GE_BSU
008 181216s||||||||xx |||||||||||||| ||und||
040 _cGE_BSU
100 _aტაბიძე,გალაქტიონ
245 _aლექსები
245 _cრედ.შ.რადიანი
260 _aტფილისი
260 _c1937
300 _a83გვ.15სმ.
653 _aლექსები
942 _cBK
999 _c46873
_d46873